暴毙的名人 扫雷模式 Sudden death - sudden death - Statistics

General Stats
  • This quiz has been taken 273 times
  • The average score is 9 of 18
Answers on the Grid
Answers color-coded by a green-red scale on the quiz's grid according to % correct below.
宋教仁
张作霖
伊藤博文
僧格林沁
张国荣
李元吉
屈原
杨玉环
蒙哥可汗
商纣王帝辛
黄家驹
海子
徐志摩
安倍晋三
李小龙
张飞
关羽
岳飞
孔子
霍光
张学良
孙笑川
赵佶
李世民
梁启超
杨振宁
梁思成
诸葛亮
刘备
武则天
洪秀全
陈后主陈叔宝
 
Answer Stats
Answer % Correct
安倍晋三
74%
张作霖
68%
屈原
60%
张飞
58%
岳飞
58%
宋教仁
56%
黄家驹
55%
关羽
54%
张国荣
52%
李小龙
52%
伊藤博文
50%
商纣王帝辛
43%
海子
42%
徐志摩
41%
蒙哥可汗
40%
李元吉
39%
杨玉环
39%
僧格林沁
28%
No matching quizzes found
Score Distribution
Percent of People with Each Score
Percentile by Number Answered
Your Score History
You have not taken this quiz